000 00504nam a22002057a 4500
001 25480
005 20260420174201.0
008 260420b |||||||| |||| 00| 0 spa d
041 _aESP
082 _a985.4
_bB18
100 _aBallón Lozada, Héctor
245 _aCien años de vida política de Arequipa 1890-1990
260 _a :
_b ,
_c1990
300 _a182 páginas : T.II
_b ;
_c20 cm.
440 _a ;
650 _aLYR
654 _aCHU
700 _a;
942 _cLIB
_dJUS
_fJUS
_n0
_2ddc
999 _c25480
_d25480